10 to 1: Pixar Characters Quiz Stats

 Plays Quiz Updated May 21, 2018

Score 0/55 Timer 10:00
12 Plays Today
% Correct
Buzz Lightyear
98.4%
Woody
95.8%
Mr. Potato Head
95.5%
Slinky Dog
94.3%
Lightning McQueen
92.2%
Dory
89.8%
Nemo
89.6%
WALL•E
89.3%
Mike Wazowski
89%
Lots-o'-Huggin' Bear
88.6%
Andy Davis
88.1%
Mr. Incredible
87.7%
Jessie
87.1%
Tow Mater
86.8%
Anger
86.2%
Joy
86%
Fear
85.6%
Elastigirl
85.6%
Boo
85.4%
EVE
83.8%
Disgust
83.7%
Sadness
83.5%
James P. Sullivan
83%
Marlin
83%
Coral
82.7%
Jack-Jack Parr
79%
Gill
78.5%
Hamm
78.3%
% Correct
Randall Boggs
77.4%
Doc Hudson
77.3%
Violet Parr
77.2%
Dash
77.2%
Finn McMissile
77%
Merida
76.9%
Emperor Zurg
76.7%
Carl Fredricksen
75.5%
AUTO
75.1%
Sid Phillips
74.3%
Remy
73.5%
Queen Elinor
72%
King Fergus
71.2%
Abominable Snowman
70.9%
Darla
69.7%
Sally Carrera
68.6%
Henry J. Waternoose
68.2%
Syndrome
67.7%
Russell
67.5%
Chick Hicks
64.3%
Jackson Storm
64.1%
Francesco Bernoulli
63.1%
Strip Weathers
60.8%
Roz
60.2%
Captain B. McCrea
59.5%
Hank
55.1%
Celia Mae
50.4%

You're not logged in!

Compare scores with friends on all Sporcle quizzes.
OR
Log In

Show Comments

Extras

Top Quizzes Today


Score Distribution

Your Account Isn't Verified!

In order to create a playlist on Sporcle, you need to verify the email address you used during registration. Go to your Sporcle Settings to finish the process.

Report this User

Report this user for behavior that violates our Community Guidelines.

Details: